| 000 | 00764nam a2200241 i 4500 | ||
|---|---|---|---|
| 001 | bg | ||
| 100 | 1 | _aWOLF, John P. | |
| 245 | 1 | 0 |
_aFinite-element modelling of unbounded media / _cJohn P. Wolf and Chongmin Song. |
| 260 |
_aChichester [et al.] : _bJohn Wiley, _c1996. |
||
| 300 |
_aXVII, 331 s. : _bwykr. ; _c25 cm. |
||
| 504 | _aBibliogr. s. 319-324. - Indeks. | ||
| 650 | 9 |
_aMetoda elementów skończonych _xstosowanie _xmechanika |
|
| 650 | 9 |
_aAnaliza numeryczna _xstosowanie _xmechanika |
|
| 650 | 9 |
_aOśrodki ciągłe _xmechanika _xteoria |
|
| 700 | 1 | _aSONG, Chongmin | |
| 020 | _a0471961345 | ||
| 040 | _cBPK | ||
| 041 | 0 | _aen | |
| 080 | _a519.61/.65:531/534 | ||
| 920 | _a0-471-96134-5 | ||
| 942 | _cKS | ||
| 008 | s pl f |000 0 pol | ||
| 999 |
_c30858 _d30858 |
||
| 856 |
_uhttp://koha.tu.koszalin.pl/cgi-bin/koha/opac-detail.pl?biblionumber=30858 _yKatalog online BPK |
||